Guess the Harry Potter Movies by Scene #34 - Statistics

General Stats
  • This quiz has been taken 108 times
  • The average score is 17 of 20
Answer Stats
Picture Answer % Correct
Chamber of Secrets
100%
Philosopher's Stone
100%
Half-Blood Prince
96%
Goblet of Fire
87%
Order of the Phoenix
87%
Order of the Phoenix
87%
Philosopher's Stone
87%
Philosopher's Stone
87%
Chamber of Secrets
83%
Goblet of Fire
83%
Order of the Phoenix
83%
Order of the Phoenix
83%
Prisoner of Azkaban
83%
Chamber of Secrets
78%
Deathly Hallows – Part 1
78%
Deathly Hallows – Part 1
78%
Deathly Hallows – Part 2
78%
Half-Blood Prince
78%
Half-Blood Prince
78%
Half-Blood Prince
74%
No matching quizzes found
Score Distribution
Percent of People with Each Score
Percentile by Number Answered
Your Score History
You have not taken this quiz